| 000 | 00394 a2200169 4500 | ||
|---|---|---|---|
| 001 | 187583 | ||
| 020 | _a85-04-00832-0 | ||
| 040 | _cMagnum | ||
| 100 | _aCarroll, Lewis | ||
| 240 | 1 | 0 |
_aAlice no País das Maravilhas _lpor |
| 245 | 1 | 0 | _aAlice no País das Maravilhas |
| 300 | _a47 | ||
| 362 | 0 | _a2005 | |
| 440 | 1 | _aCompanhia Editora Nacional | |
| 697 | _aLITERATURA INFANTO | ||
| 942 | _cBK | ||
| 999 |
_c187583 _d187583 |
||